Top 10 Covid-19 Affected Countries - 7 April - Statistics

General Stats
  • This quiz has been taken 82 times
  • The average score is 6 of 10
Answer Stats
rate per
million
country % Correct
1191 United States
95%
2243 Italy
83%
3036 Spain
82%
1671 France
78%
1285 Germany
74%
1915 Belgium
45%
1403 Austria
42%
2571 Switzerland
42%
1220 Portugal
38%
1156 Ireland
24%
No matching quizzes found
Score Distribution
Percent of People with Each Score
Percentile by Number Answered
Your Score History
You have not taken this quiz